Estadísticas para Mapa de Oceanía

Haz click aquí para tomar la prueba!

Estadísticas generales

  • Esta prueba ha sido tomada 17.094 veces
  • La puntuación promedio es 8 de 16

Respuestas en el mapa

Las respuestas están codificadas por una escala verde-roja en el mapa de la prueba según el % correcto abajo.
Cargando...
 

Estadísticas de respuestas

Respuesta% Correcto
Australia
98%
Nueva Zelanda
88%
Papua Nueva Guinea
83%
Micronesia
52%
Kiribati
43%
Fiyi
42%
Islas Salomón
42%
Palaos
41%
Islas Marshall
40%
Nauru
39%
Polinesia Francesa
37%
Samoa
33%
Nueva Caledonia (Francia)
31%
Tonga
28%
Vanuatu
26%
Tuvalu
24%

Distribución de puntuación

Porcentaje por número respondido

Porcentaje de gente con cada puntuación

Historial de tus puntuaciones

No has tomado esta prueba